Представление документа в формате RUSMARC

ПолеНазваниеЗначение
  Тип записи a
  Библиографический уровень m
001 Контрольный номер RU\NLR\BIBL_A\010856449
005 Дата корректировки 20201206205014.1
010 Индекс ISBN __
a ISBN 978-5-389-08818-4 (в пер.)
d Цена 431-37
021 № государственной регистрации __
b № документа 2015-66006
100 Данные общей обработки __
a Данные общей обработки 19160714d2015||||||| 0rusy0189 ca
101 Язык документа 1_
a Язык текста rus
c Язык оригинала fre
102 Страна публикации __
a Страна публикации RU|
105 Кодированные данные (монография) __
a Кодированные данные (монография) ao|||||||||zy
200 Заглавие и сведения об ответственности 1_
a Заглавие Рыба и морепродукты
e Сведения, относящиеся к заглавию [закуски, основные блюда, соусы : вкусная еда, понятные рецепты, красивые блюда]
f Первые сведения об ответственности Валери Друэ и Пьер-Луи Вьель ; [перевод с французского А. Ратай]
b Общее обозначение материала Текст
210 Выходные данные __
a Место издания Москва
c Издательство Азбука-Аттикус
c Издательство КоЛибри
d Дата издания 2015
215 Физическое описание __
a Объем 136, [3] с.
c Иллюстрации/тип воспроизводства цв. ил.
d Формат 25 см
300 Общие примечания __
a Общие примечания 3000 экз.
330 Аннотация __
a Аннотация Рыба, креветки, моллюски и другие дары моря - удивительные, деликатные, очень полезные продукты. В нашей книге собраны десятки рецептов, по которым даже начинающий кулинар сумеет приготовить чудесные на вкус, яркие и праздничные блюда. Порадовать близких, услышать похвалы гостей - для этого вам понадобится совсем немного времени и сил. В этой книге представлены простые и практичные рецепты блюд из рыбы и морепродуктов, которые готовятся в духовке и на гриле, а также соусов, подходящих к этим блюдам. Рецепты годятся и на каждый день, и для особых случаев: приготовленная по ним еда получается не только вкусной, но и очень красивой.
606 Тематические рубрики __
a Основная рубрика Пищевые производства
606 Тематические рубрики __
a Основная рубрика Общие вопросы пищевых производств
610 Ключевые слова __
a Ключевые слова блюда из морепродуктов
a Ключевые слова блюда из рыбы
a Ключевые слова кулинария
a Ключевые слова кулинарные рецепты
a Ключевые слова морепродукты
a Ключевые слова рецепты
a Ключевые слова рецепты (кулинария)
a Ключевые слова рецепты блюд
a Ключевые слова рыба
a Ключевые слова рыбные блюда
a Ключевые слова рыбные закуски
a Ключевые слова соусы
686 Индексы других классификаций __
2 Код системы rubbks
a Классификационный индекс 36.992
700 Автор _1
a Фамилия Друэ
b Имя В.
g Полное личное имя Валери
4 Код отношения 070
701 Альтернативная интеллектуальная ответственность _1
a Фамилия Вьель
b Имя П. Л.
g Полное личное имя Пьер Луи
4 Код отношения 070
702 Вторичная интеллектуальная ответственность _1
a Фамилия Ратай
b Имя А.
4 Код отношения Переводчик
4 Код отношения 730
801 Источник записи _0
a Страна RU
b Организация Муниципальное бюджетное учреждение культуры "Централизованная библиотечная система" г. Сургут (Центральная городская библиотека им. А. С. Пушкина)
c Дата составления 20160714
g Правила каталогизации КиК/Котельникова
801 Источник записи _1
a Страна RU
b Организация Муниципальное бюджетное учреждение культуры "Централизованная библиотечная система" г. Сургут (Центральная городская библиотека им. А. С. Пушкина)
c Дата составления 20160714
g Правила каталогизации КиК/Котельникова
852 Данные о местонахождении __
j Шифр хранения 36.992
i Авторский знак Д 76
901 Тип документа __
t Тип документа m
903 Характеристики (МАРС) __
a Дата передачи 20160714
969 Тип издания __
a Тип издания издание для досуга
990 Данные о заказе (DOS) __
j Количество экземпляров (DOS) 6
t N записи в КСУ для И/У (DOS) 201607